[Event "World Senior Teams +65"]
[Site "Radebeul GER"]
[Date "2016.06.26"]
[Round "1.6"]
[Board "4"]
[White "Singer, Hans"]
[Black "Mashayekh, Majid"]
[Result "1-0"]
[WhiteTitle "FM"]
[WhiteElo "2191"]
[BlackElo "1922"]
[WhiteTeam "Austria"]
[BlackTeam "England 2"]
[WhiteFideId "1600800"]
[BlackFideId "406015"]
[EventDate "2016.06.26"]

1. d4 Nf6 2. c4 e6 3. Nf3 b6 4. Nc3 Bb7 5. Qc2 Bb4 6. Bd2 O-O 7. e3 d6 8. Bd3
Nbd7 9. O-O Re8 10. a3 Bxc3 11. Bxc3 e5 12. Be2 Qe7 13. dxe5 dxe5 14. b4 Ne4 15.
Rfd1 Nxc3 16. Qxc3 Nf6 17. Rac1 c5 18. Rb1 Rac8 19. Qb2 Qe6 20. h3 h6 21. Rbc1
Qf5 22. Ne1 Rc7 23. b5 Qg5 24. a4 Bc8 25. Nf3 Qf5 26. a5 e4 27. Ne1 Qg5 28. axb6
axb6 29. Kh2 Qh4 30. Bf1 Ng4+ 31. Kg1 Ne5 32. Rd5 Qf6 33. Qc2 Bb7 34. Rd2 Qg6
35. Rcd1 Qg5 36. Rd6 f5 37. Qc3 Nf3+ 38. Nxf3 exf3 39. g3 Bc8 40. h4 Qg4 41. Qd3
Bb7 42. Rxb6 Be4 43. Qd6 Rcc8 44. Qf4 Qxf4 45. gxf4 Re7 46. Rbd6 Kf7 47. Bd3 Ra8
48. Bxe4 Rxe4 49. Ra6 Rxa6 50. bxa6 Rxc4 51. Ra1 1-0

[Event "World Senior Teams +65"]
[Site "Radebeul GER"]
[Date "2016.06.26"]
[Round "1.7"]
[Board "1"]
[White "Rosen, Willy"]
[Black "Danner, Lambert"]
[Result "1-0"]
[WhiteTitle "FM"]
[WhiteElo "2266"]
[BlackElo "2086"]
[WhiteTeam "Sportfreunde Katernberg"]
[BlackTeam "Wien 2"]
[WhiteFideId "4605535"]
[BlackFideId "1305840"]
[EventDate "2016.06.26"]

1. e4 Nf6 2. d3 e5 3. Nf3 Nc6 4. Be2 d5 5. Nbd2 Be7 6. O-O O-O 7. c3 dxe4 8.
dxe4 Ne8 9. Qc2 Nd6 10. Nc4 f6 11. Rd1 Be6 12. Ne3 Qe8 13. Nd5 Rc8 14. c4 Qg6
15. Qa4 Nxe4 16. Qxc6 bxc6 17. Nxe7+ Kf7 18. Nxg6 hxg6 19. Be3 Rb8 20. Bd3 Nd6
21. Nd2 Rxb2 22. Nb3 e4 23. Bf1 Ke7 24. Bd4 Rc2 25. Bxa7 Ra8 26. Nd4 Rb2 27.
Nxe6 Kxe6 28. Bd4 Rbxa2 29. Rxa2 Rxa2 30. c5 1-0

[Event "World Senior Teams +65"]
[Site "Radebeul GER"]
[Date "2016.06.26"]
[Round "1.7"]
[Board "2"]
[White "Nickl, Klaus"]
[Black "Hassenrueck, Helmut"]
[Result "1/2-1/2"]
[WhiteElo "2028"]
[BlackElo "2231"]
[WhiteTeam "Wien 2"]
[BlackTeam "Sportfreunde Katernberg"]
[WhiteFideId "1601024"]
[BlackFideId "4670302"]
[EventDate "2016.06.26"]

1. d4 Nf6 2. Nc3 d5 3. Bf4 c6 4. e3 g6 5. Be2 Bg7 6. Nf3 O-O 7. O-O Bg4 8. h3
Bxf3 9. Bxf3 Nbd7 10. Re1 Re8 11. Rb1 e5 12. dxe5 Nxe5 13. Bxe5 Rxe5 14. Ne2 Qa5
15. a3 Rae8 16. Nc1 Ne4 17. Nb3 Qd8 18. Bxe4 Rxe4 19. c3 b6 20. Nd2 R4e7 21. Qf3
Qc7 22. Red1 a5 23. c4 Re5 24. Qg3 Qe7 25. Nf3 Rf5 26. cxd5 Rxd5 27. Rxd5 cxd5
28. Qf4 Qe4 29. Qxe4 dxe4 30. Nd2 b5 31. Kf1 f5 32. Ke2 Rc8 33. Kd1 Rd8 34. Kc2
Kf7 35. Rd1 Ke6 36. Rb1 Rd3 37. Nb3 Rd5 38. Nxa5 Rc5+ 39. Kd1 Rd5+ 40. Kc2 Rc5+
41. Kb3 Rd5 42. Rc1 Rd3+ 43. Kc2 Bf6 44. Nc6 Rd7 45. Nb4 Rc7+ 46. Kb1 Rd7 47.
Rc6+ Kf7 48. Kc2 f4 49. Rc5 Bh4 50. exf4 Bxf2 51. Re5 Re7 52. Rxe7+ Kxe7 53. Kd2
Ke6 54. g4 Bd4 55. b3 Bb2 56. a4 bxa4 57. bxa4 Ba3 58. Nc2 Bd6 59. Ke3 Kd5 60.
a5 Bc5+ 61. Ke2 Kc6 62. Ne3 Kb5 63. Nd5 Bd4 64. g5 Kxa5 65. Nf6 Kb5 66. Nxh7 Kc6
67. Nf8 Kd5 68. Nxg6 Ke6 69. Nh4 Bc5 70. Ng2 Kf5 71. h4 Kg4 72. g6 Bd4 1/2-1/2

[Event "World Senior Teams +65"]
[Site "Radebeul GER"]
[Date "2016.06.26"]
[Round "1.7"]
[Board "3"]
[White "Mueller-Clostermann, Bruno"]
[Black "Eidenberger, Otto"]
[Result "1/2-1/2"]
[WhiteElo "2184"]
[BlackElo "2000"]
[WhiteTeam "Sportfreunde Katernberg"]
[BlackTeam "Wien 2"]
[WhiteFideId "12932280"]
[BlackFideId "1621874"]
[EventDate "2016.06.26"]

1. d4 Nf6 2. c4 e6 3. g3 Bb4+ 4. Bd2 c5 5. Bxb4 cxb4 6. Bg2 O-O 7. Nf3 d5 8.
Nbd2 Nc6 9. O-O Qd6 10. Qc2 Bd7 11. Rfd1 Rac8 12. e4 dxe4 13. Nxe4 Nxe4 14. Qxe4
Na5 15. b3 b5 16. c5 Bc6 17. Qe1 Qd5 18. Qxb4 Nb7 19. Qe1 Rfd8 20. Nh4 Qd7 21.
b4 Bd5 22. Qe2 Qc6 23. a4 a6 24. axb5 axb5 25. Bxd5 Rxd5 26. Qe4 Nd8 27. Qe2 Qb7
28. Nf3 Nc6 29. Qb2 Rcd8 30. Rd2 Rf5 31. Ne5 Ne7 32. f4 f6 33. Ng4 Rfd5 34. Ne3
R5d7 35. Kf2 Kh8 36. Rad1 Qe4 37. Qc2 Qc6 38. Qb3 Qe4 39. Qc2 Qc6 40. Qb3 1/2-1/2

[Event "World Senior Teams +65"]
[Site "Radebeul GER"]
[Date "2016.06.26"]
[Round "1.7"]
[Board "4"]
[White "Karlstoetter, Kurt"]
[Black "Armbruester, Juergen"]
[Result "1-0"]
[WhiteElo "1848"]
[BlackElo "1964"]
[WhiteTeam "Wien 2"]
[BlackTeam "Sportfreunde Katernberg"]
[WhiteFideId "1642863"]
[BlackFideId "24681229"]
[EventDate "2016.06.26"]

1. e4 e5 2. Nf3 Nf6 3. Nxe5 d6 4. Nf3 Nxe4 5. Nc3 Nxc3 6. dxc3 Be7 7. Bf4 Nc6 8.
Bb5 O-O 9. Qd3 Bf6 10. O-O-O Be6 11. Nd4 Nxd4 12. cxd4 c6 13. Bc4 Bxc4 14. Qxc4
Qd7 15. d5 c5 16. Qd3 Rfd8 17. Kb1 b5 18. h3 c4 19. Qf3 a5 20. g4 b4 21. g5 Be7
22. Rhe1 Bf8 23. Re4 Rdc8 24. Bd2 Qb5 25. Rf4 c3 26. Be3 Rc7 27. Bd4 Rac8 28.
Rh4 g6 29. Qf6 1-0

[Event "World Senior Teams +65"]
[Site "Radebeul GER"]
[Date "2016.06.26"]
[Round "1.8"]
[Board "1"]
[White "Svensson, Leif 1940"]
[Black "Renman, Nils-Gustaf"]
[Result "1-0"]
[BlackTitle "IM"]
[WhiteElo "2072"]
[BlackElo "2352"]
[WhiteTeam "Sweden 2"]
[BlackTeam "Sweden 1"]
[WhiteFideId "1702459"]
[BlackFideId "1700367"]
[EventDate "2016.06.26"]

1. d4 e6 2. e4 d5 3. Nc3 Nf6 4. Bg5 Bb4 5. e5 h6 6. Bc1 Ne4 7. Qg4 Kf8 8. Ne2 c5
9. a3 Qa5 10. axb4 Qxa1 11. Nxd5 Nc6 12. Nc7 f5 13. exf6 Nxf6 14. Qg3 Nxd4 15.
Kd1 Nf5 16. Qe5 Kf7 17. f3 Rd8+ 18. Ke1 Bd7 19. Nxa8 Rxa8 20. Kf2 Rc8 21. b5 Qa4
22. b3 Qb4 23. g4 Ne7 24. Bb2 Ng6 25. Qd6 Bxb5 26. Bc3 Qe4 27. Bxf6 Qxc2 28. Ba1
Qa2 29. Bc3 Qxb3 30. Qd2 Bc6 31. Nf4 Rd8 32. Qxd8 Qxc3 33. Be2 Ne5 34. Qd6 1-0

[Event "World Senior Teams +65"]
[Site "Radebeul GER"]
[Date "2016.06.26"]
[Round "1.8"]
[Board "2"]
[White "Malmdin, Nils-Ake"]
[Black "Andersson, Sven-Olof"]
[Result "1-0"]
[WhiteTitle "FM"]
[WhiteElo "2174"]
[BlackElo "1983"]
[WhiteTeam "Sweden 1"]
[BlackTeam "Sweden 2"]
[WhiteFideId "1701584"]
[BlackFideId "1706926"]
[EventDate "2016.06.26"]

1. e4 c5 2. Nf3 e6 3. d4 cxd4 4. Nxd4 a6 5. Bd3 Qc7 6. O-O Nf6 7. Nc3 b5 8. Be3
Bb7 9. a3 Nc6 10. Nxc6 Bxc6 11. Qe2 Qb7 12. f3 h5 13. Bd4 Be7 14. Rae1 d6 15. f4
e5 16. fxe5 dxe5 17. Bxe5 Bc5+ 18. Kh1 Ng4 19. Bf4 Kf8 20. b4 Bd4 21. Nd5 Bxd5
22. Bd6+ Kg8 23. exd5 g6 24. Qf3 Rd8 25. Re7 Ne5 26. Qf6 Qxd5 27. Bxe5 Bxe5 28.
Rxe5 1-0

[Event "World Senior Teams +65"]
[Site "Radebeul GER"]
[Date "2016.06.26"]
[Round "1.8"]
[Board "3"]
[White "Degerfeldt, Sven"]
[Black "Hammar, Bengt"]
[Result "1-0"]
[BlackTitle "FM"]
[WhiteElo "1962"]
[BlackElo "2164"]
[WhiteTeam "Sweden 2"]
[BlackTeam "Sweden 1"]
[WhiteFideId "1717430"]
[BlackFideId "1700391"]
[EventDate "2016.06.26"]

1. d4 Nf6 2. Nf3 g6 3. g3 Bg7 4. Bg2 O-O 5. O-O d6 6. c4 Nbd7 7. Nc3 e5 8. d5
Nb6 9. Nd2 Nfd7 10. e4 f5 11. exf5 gxf5 12. Qe2 a5 13. Nf3 e4 14. Ng5 Ne5 15.
Qh5 h6 16. Ne6 Bxe6 17. dxe6 Nexc4 18. Bxh6 Bxh6 19. Qxh6 Qf6 20. Qxf6 Rxf6 21.
b3 Ne5 22. Nb5 Rc8 23. Rac1 Nc6 24. f3 e3 25. Rfe1 Rxe6 26. f4 d5 27. Rcd1 Nb4
28. a3 Na6 29. Nd4 Rf6 30. Rxe3 Nc5 31. Re5 Rd8 32. Nxf5 c6 33. Nd4 a4 34. b4
Nb3 35. Bh3 Nc4 36. Rg5+ Kf7 37. f5 Nb2 38. Ne6 Rh8 39. Rg7+ Ke8 40. Re1 Rxe6
41. Rxe6+ Kf8 42. Rxb7 1-0

[Event "World Senior Teams +65"]
[Site "Radebeul GER"]
[Date "2016.06.26"]
[Round "1.8"]
[Board "4"]
[White "Nyberg, Ulf"]
[Black "Svensson, Soren"]
[Result "0-1"]
[WhiteElo "2161"]
[BlackElo "1952"]
[WhiteTeam "Sweden 1"]
[BlackTeam "Sweden 2"]
[WhiteFideId "1705083"]
[BlackFideId "1714937"]
[EventDate "2016.06.26"]

1. d4 Nf6 2. c4 e6 3. Nc3 d5 4. cxd5 exd5 5. Bg5 Be7 6. e3 h6 7. Bh4 O-O 8. Qc2
b6 9. Bd3 Bb7 10. Nge2 c5 11. O-O Nbd7 12. Rad1 Rc8 13. Bf5 Re8 14. dxc5 Rxc5
15. Qb3 Ne5 16. Bg3 Nc4 17. Rd4 g6 18. Bb1 Qc8 19. Rfd1 Bf8 20. Nf4 Na5 21. Qc2
Bg7 22. Nd3 Rc4 23. Rxc4 dxc4 24. Ne5 Qe6 25. Nf3 Ne4 26. Nd4 Qe7 27. Nxe4 Bxe4
28. Qxe4 Qxe4 29. Bxe4 Rxe4 30. Kf1 Kf8 31. Bd6+ Ke8 32. Bb4 Bxd4 33. exd4 Nc6
34. Bc3 Kd7 35. f3 Re8 36. Kf2 a5 37. a3 Na7 38. Bd2 h5 39. d5 Nc8 40. Be3 Kd6
41. Rd4 b5 42. a4 Ne7 43. Re4 bxa4 44. Bf4+ Kxd5 45. Re5+ Kd4 46. Re4+ Kd5 47.
Re5+ Kd4 48. Rxa5 Nd5 49. Bd6 Re6 50. Bc5+ Kd3 51. Rxa4 Re2+ 52. Kf1 Rxb2 53.
Ra7 c3 54. Rd7 c2 55. Rxd5+ Kc4 0-1

[Event "World Senior Teams +65"]
[Site "Radebeul GER"]
[Date "2016.06.26"]
[Round "1.9"]
[Board "1"]
[White "James, Geoffrey H"]
[Black "Rychlik, Kurt"]
[Result "1/2-1/2"]
[WhiteTitle "CM"]
[WhiteElo "2203"]
[BlackElo "2023"]
[WhiteTeam "England 1"]
[BlackTeam "Surprise"]
[WhiteFideId "402346"]
[BlackFideId "4694120"]
[EventDate "2016.06.26"]

1. c4 g6 2. Nc3 Bg7 3. g3 d6 4. Bg2 e5 5. d3 Ne7 6. e3 c6 7. Nge2 O-O 8. O-O f5
9. f4 Be6 10. b3 Nd7 11. e4 Nf6 12. h3 Qd7 13. Kh2 h6 14. Be3 b6 15. Rc1 Rad8
16. Qd2 Kh7 17. Rcd1 c5 18. Nd5 Nc6 19. Nec3 Nd4 20. Nxf6+ Rxf6 21. Nd5 Rf7 22.
Bxd4 exd4 23. exf5 Rxf5 24. g4 Rf7 25. Rf2 Rdf8 26. Rdf1 Qd8 27. Kg3 Bf6 28.
Nxf6+ 1/2-1/2

[Event "World Senior Teams +65"]
[Site "Radebeul GER"]
[Date "2016.06.26"]
[Round "1.9"]
[Board "2"]
[White "Ophoff, Rigobert"]
[Black "Stokes, Michael"]
[Result "0-1"]
[WhiteElo "1981"]
[BlackElo "2187"]
[WhiteTeam "Surprise"]
[BlackTeam "England 1"]
[WhiteFideId "4679750"]
[BlackFideId "442542"]
[EventDate "2016.06.26"]

1. d4 Nf6 2. c4 g6 3. Nc3 Bg7 4. e4 d6 5. f3 O-O 6. Be3 Nc6 7. Nge2 e5 8. d5 Ne7
9. Qd2 a6 10. g4 Bd7 11. Ng3 Ne8 12. Bh6 f5 13. gxf5 gxf5 14. Nh5 Ng6 15. Nxg7
Qh4+ 16. Kd1 Nxg7 17. Bg5 Qh5 18. Qg2 f4 19. Rg1 Kf7 20. Bd3 Bh3 21. Qf2 h6 0-1

[Event "World Senior Teams +65"]
[Site "Radebeul GER"]
[Date "2016.06.26"]
[Round "1.9"]
[Board "3"]
[White "Quinn, John M"]
[Black "Wittkugel, Friedhelm"]
[Result "1-0"]
[WhiteElo "2152"]
[BlackElo "1993"]
[WhiteTeam "England 1"]
[BlackTeam "Surprise"]
[WhiteFideId "405043"]
[BlackFideId "24606162"]
[EventDate "2016.06.26"]

1. d4 b5 2. e4 Bb7 3. Nd2 a6 4. f4 Nf6 5. Bd3 d6 6. Ngf3 g6 7. O-O Bg7 8. c3
Nbd7 9. e5 Nd5 10. Ne4 Nf8 11. Qe1 e6 12. a4 bxa4 13. Rxa4 Nb6 14. Ra3 Bxe4 15.
Qxe4 d5 16. Qe2 a5 17. b3 Nfd7 18. Qa2 a4 19. bxa4 Ra5 20. f5 gxf5 21. Bg5 Qa8
22. Qb3 Rxa4 23. Rfa1 Rxa3 24. Rxa3 Qb8 25. Qb4 Bf8 26. Qb2 h6 27. Bh4 Bxa3 28.
Qxa3 Nc8 29. Nd2 f6 30. exf6 Kf7 31. Nf3 Nxf6 32. Ne5+ Kg8 33. Bxf6 Rh7 34. Qa4
Nd6 35. Bh4 Rg7 36. Nd7 Qc8 37. Nf6+ Kh8 38. Bg3 Rg6 39. Nd7 Nf7 40. Qc6 Qe8 41.
Qxc7 Qa8 42. Ne5 Nxe5 43. Bxe5+ Kg8 44. Be2 Qf8 45. Bd6 Qa8 46. Qb8+ Qxb8 47.
Bxb8 Rg7 48. Bd6 Rb7 49. Kf2 Kg7 50. Ke3 Rb3 51. Bb4 Kf6 52. Kf4 Rb2 53. Bf3 Rb3
54. h3 Rb2 55. Ba5 Rb8 56. Bh5 Ra8 57. Bb4 Rc8 58. g3 Rc4 59. Ke3 Rc8 60. Kd3
Rg8 61. Bd6 Rg5 62. Be8 Rg8 63. Be5+ Ke7 64. Bh5 Rc8 65. Bf4 Rh8 66. h4 Kd7 67.
Be5 Rg8 68. Be2 Ke7 69. Kc2 Rc8 70. Kb3 Ra8 71. Kb4 Ra2 72. Bb5 Rb2+ 73. Ka4 Rb1
74. Bf4 Rg1 75. Kb4 Rg2 76. Ba4 Rb2+ 77. Kc5 Ra2 78. Bc6 Rc2 79. Kb4 Rb2+ 80.
Ka3 Rb6 81. Ba4 Kf6 82. Bxh6 e5 83. dxe5+ Kxe5 84. Bf4+ 1-0

[Event "World Senior Teams +65"]
[Site "Radebeul GER"]
[Date "2016.06.26"]
[Round "1.9"]
[Board "4"]
[White "Perk, Egbert"]
[Black "Farrand, Julian T"]
[Result "1/2-1/2"]
[WhiteElo "1949"]
[BlackElo "2048"]
[WhiteTeam "Surprise"]
[BlackTeam "England 1"]
[WhiteFideId "4645944"]
[BlackFideId "24602469"]
[EventDate "2016.06.26"]

1. Nf3 d6 2. d4 f5 3. g3 Nf6 4. Bg2 g6 5. O-O Bg7 6. c3 O-O 7. Qb3+ e6 8. Nbd2
Nc6 9. Re1 Kh8 10. e4 fxe4 11. Nxe4 Nxe4 12. Rxe4 Qf6 13. Rf4 Qe7 14. Rxf8+ Qxf8
15. Ng5 Nd8 16. Be3 h6 17. Nf3 Bd7 18. Nh4 Qf6 19. Be4 g5 20. Ng6+ Kg8 21. f4 g4
22. f5 d5 23. fxe6 Bxe6 24. Bd3 Qf3 25. Ne7+ Kh8 26. Ng6+ Kg8 1/2-1/2

[Event "World Senior Teams +65"]
[Site "Radebeul GER"]
[Date "2016.06.26"]
[Round "1.10"]
[Board "1"]
[White "Palmo, Pentti"]
[Black "Romcovici, Victor"]
[Result "0-1"]
[BlackTitle "IM"]
[WhiteElo "1995"]
[BlackElo "2122"]
[WhiteTeam "Turku"]
[BlackTeam "Moldova"]
[WhiteFideId "501905"]
[BlackFideId "13900560"]
[EventDate "2016.06.26"]

1. e4 e5 2. Nf3 Nc6 3. Bb5 g6 4. c3 a6 5. Bc4 Bg7 6. O-O d6 7. Re1 Nge7 8. d4
O-O 9. dxe5 dxe5 10. Qxd8 Rxd8 11. h3 b5 12. Bb3 Na5 13. Bc2 h6 14. a4 Be6 15.
Be3 Nec6 16. axb5 axb5 17. Nbd2 Bf8 18. b4 Nc4 19. Nxc4 Bxc4 20. Nd2 Be6 21. Nb3
Kg7 22. Nc5 Bc4 23. Na6 Bd6 24. Nc5 Rdb8 25. Na6 Rc8 26. Nc5 Nd8 27. f3 Ne6 28.
Nxe6+ Bxe6 29. g4 Be7 30. Red1 c5 31. bxc5 Rxa1 32. Rxa1 Bxc5 33. Bxc5 Rxc5 34.
Bd3 Rxc3 35. Bxb5 Rxf3 36. Kg2 Re3 37. Bc6 h5 38. gxh5 Bxh3+ 39. Kf2 Rc3 40. Bd5
g5 41. Ra7 g4 42. Rxf7+ Kh6 43. Rf6+ Kxh5 44. Bf7+ Kh4 45. Rh6+ Kg5 46. Rg6+ Kf4
47. Rf6+ Kxe4 48. Bg6+ Kd5 49. Bf7+ Kc5 50. Bg6 g3+ 0-1

[Event "World Senior Teams +65"]
[Site "Radebeul GER"]
[Date "2016.06.26"]
[Round "1.10"]
[Board "2"]
[White "Nevednichy, Boris M"]
[Black "Alkkiomaki, Jyrki"]
[Result "1/2-1/2"]
[WhiteTitle "IM"]
[WhiteElo "2122"]
[BlackElo "1973"]
[WhiteTeam "Moldova"]
[BlackTeam "Turku"]
[WhiteFideId "13900080"]
[BlackFideId "506893"]
[EventDate "2016.06.26"]

1. e4 e5 2. Nf3 Nc6 3. Bc4 Nf6 4. d3 Bc5 5. c3 d6 6. Bb3 O-O 7. h3 h6 8. g4 Nh7
9. g5 hxg5 10. Rg1 Qf6 11. Qe2 Be6 12. Nxg5 Bxb3 13. Nxh7 Kxh7 14. axb3 g6 15.
Nd2 Nd8 16. Nf3 Ne6 17. Ng5+ Kg7 18. h4 Rh8 19. Nxe6+ fxe6 20. Bg5 Qf7 21. Rf1
Raf8 22. f3 Qd7 23. O-O-O Qb5 24. Kc2 a5 25. Ra1 Bb6 26. Qg2 Qd7 27. Qg4 Qf7 28.
Rae1 Rh5 29. f4 exf4 30. Rxf4 Qe8 31. Ref1 Rxf4 32. Qxf4 e5 33. Qg4 Rh7 34. Rf6
Kg8 35. Qe6+ Qxe6 36. Rxe6 Kf7 37. Re7+ Kg8 38. Re8+ Kf7 39. Rb8 Ke6 40. Rf8 Rg7
41. Kd2 c6 42. Rf6+ Kd7 43. Bh6 Rg8 44. Rf7+ Kc8 45. Bg5 Bc7 46. Ke2 Kb8 47. Kf3
b5 48. Kg4 Kb7 49. Be3 c5 50. c4 bxc4 51. bxc4 Kc6 52. Bc1 Bd8 53. Bg5 Bc7 54.
Kf3 a4 55. Ke2 Rb8 56. Bc1 Rh8 57. Bg5 Rb8 58. Bc1 Rh8 1/2-1/2

[Event "World Senior Teams +65"]
[Site "Radebeul GER"]
[Date "2016.06.26"]
[Round "1.10"]
[Board "3"]
[White "Rantanen, Veikko"]
[Black "Scovitin, Albert"]
[Result "1/2-1/2"]
[WhiteElo "1966"]
[BlackElo "2209"]
[WhiteTeam "Turku"]
[BlackTeam "Moldova"]
[WhiteFideId "506770"]
[BlackFideId "13906356"]
[EventDate "2016.06.26"]

1. e4 e6 2. d4 d5 3. Nd2 Be7 4. Bd3 dxe4 5. Nxe4 Nf6 6. Nf3 Nxe4 7. Bxe4 Nd7 8.
c3 Nf6 9. Bc2 c5 10. O-O cxd4 11. Nxd4 O-O 12. Bg5 Qb6 13. Rb1 Qa5 14. Bh4 Rd8
15. Qd3 Qh5 16. Qg3 Nd5 17. Bxe7 Nxe7 18. Rbd1 Qa5 19. b4 Qb6 20. a3 Ng6 21. h4
e5 22. Ne2 Bd7 23. h5 Nf8 24. c4 Be6 25. h6 Ng6 26. Bxg6 hxg6 27. Qxe5 gxh6 28.
Qc3 Bg4 29. Rxd8+ Rxd8 30. Re1 Bxe2 31. Rxe2 Rd1+ 32. Re1 Qd4 33. Qxd4 Rxd4 34.
Re7 Rxc4 35. Rxb7 a5 36. Rb5 1/2-1/2

[Event "World Senior Teams +65"]
[Site "Radebeul GER"]
[Date "2016.06.26"]
[Round "1.10"]
[Board "4"]
[White "Seredneac, Nicolai"]
[Black "Lehtosaari, Kalevi"]
[Result "0-1"]
[WhiteElo "1395"]
[BlackElo "1953"]
[WhiteTeam "Moldova"]
[BlackTeam "Turku"]
[WhiteFideId "13907859"]
[BlackFideId "501174"]
[EventDate "2016.06.26"]

1. e4 e5 2. Bc4 Bc5 3. Nf3 d6 4. h3 Nf6 5. d3 O-O 6. O-O c6 7. c3 a5 8. a4 Qe7
9. Re1 Be6 10. Bb3 b5 11. Be3 Nbd7 12. Nbd2 Rfd8 13. d4 Bb6 14. axb5 cxb5 15. d5
Bxh3 16. gxh3 Nh5 17. Kh2 Nf4 18. Bxb6 Nxb6 19. Bc2 Rdc8 20. Rg1 Qd7 21. Rg3 g6
22. h4 Qc7 23. Bb1 a4 24. Ng1 Qc5 25. Qf1 Nh5 26. Rf3 b4 27. Nh3 Kg7 28. Qe2 Rc7
29. Qe3 Qa5 30. Qe1 Qc5 31. Qe3 Qa5 32. Nb3 Qb5 33. Bd3 Nc4 34. Bxc4 Qxc4 35.
Nd2 Qb5 36. c4 Qb8 37. Ng5 h6 38. Nh3 Rc5 39. Qe2 Raa5 40. Qd1 Qe8 41. Qe2 Qd8
42. Rg3 Qxh4 43. Qg4 Qxg4 44. Rxg4 Nf6 45. Rg3 h5 46. Rf3 Rc7 47. b3 a3 48. Rg3
Kh6 49. f3 Ra8 50. Kg2 Rg8 51. Kf2 g5 52. Rg2 g4 53. Ng1 h4 54. fxg4 Nxg4+ 55.
Kf3 Kh5 56. Nh3 f6 57. Nf2 Rcg7 58. Nxg4 Rxg4 59. Rxg4 Rxg4 60. Kf2 h3 61. Nf1
Rg2+ 62. Kf3 Rb2 63. Ke3 Rxb3+ 64. Ke2 Kh4 65. Nd2 Rb2 66. Ke3 h2 67. Nf3+ Kh3
68. Rh1 a2 69. Kd3 Kg3 70. Nxh2 Rxh2 71. Ra1 b3 72. Ke3 b2 0-1

[Event "World Senior Teams +65"]
[Site "Radebeul GER"]
[Date "2016.06.26"]
[Round "1.11"]
[Board "1"]
[White "Rahls, Peter"]
[Black "Kempe, Rainer"]
[Result "1-0"]
[WhiteTitle "FM"]
[WhiteElo "2160"]
[BlackElo "2006"]
[WhiteTeam "Berlin"]
[BlackTeam "Stiftung BSW / DBAG III"]
[WhiteFideId "4613023"]
[BlackFideId "12975206"]
[EventDate "2016.06.26"]

1. e4 c5 2. c3 d5 3. exd5 Qxd5 4. d4 Nc6 5. Nf3 Bg4 6. Be2 e6 7. h3 Bh5 8. c4
Qd7 9. d5 exd5 10. cxd5 Nb4 11. Nc3 Bxf3 12. Bxf3 Nf6 13. O-O Be7 14. a3 Na6 15.
Bf4 Rd8 16. Qb3 O-O 17. Rad1 Bd6 18. Bxd6 Qxd6 19. Rfe1 Rd7 20. Nb5 Qb6 21. d6
Rfd8 22. Qc4 Kf8 23. Re3 Nb8 24. Rde1 Re8 25. Rxe8+ Nxe8 26. Bg4 Rd8 27. Qe2
Nxd6 28. Qe7+ Kg8 29. Nxd6 1-0

[Event "World Senior Teams +65"]
[Site "Radebeul GER"]
[Date "2016.06.26"]
[Round "1.11"]
[Board "2"]
[White "Ehlert, Joachim"]
[Black "Sprotte, Norbert"]
[Result "0-1"]
[WhiteElo "2007"]
[BlackElo "2216"]
[WhiteTeam "Stiftung BSW / DBAG III"]
[BlackTeam "Berlin"]
[WhiteFideId "4698363"]
[BlackFideId "4607015"]
[EventDate "2016.06.26"]

1. e4 e6 2. d4 d5 3. Nd2 Nc6 4. Bb5 dxe4 5. Bxc6+ bxc6 6. Nxe4 Qd5 7. f3 Nf6 8.
Nc3 Qc4 9. Nge2 Be7 10. b3 Qa6 11. O-O c5 12. Be3 O-O 13. dxc5 Qa5 14. Na4 Nd5
15. Bf2 Bd7 16. Qe1 Qxe1 17. Rfxe1 Bxa4 18. bxa4 Rab8 19. c4 Nb4 20. Red1 Rfd8
21. Rxd8+ Rxd8 22. g3 Nd3 23. Rd1 c6 24. Nf4 Nxf4 25. Rxd8+ Bxd8 26. gxf4 Bc7
27. Be3 h5 28. Kf2 Kh7 29. h4 Kg6 30. Kg3 Kf5 31. Bd2 f6 32. Bc1 g5 33. Kh3 Bxf4
34. Bb2 Bd2 35. hxg5 fxg5 36. Bd4 e5 37. Bf2 e4 0-1

[Event "World Senior Teams +65"]
[Site "Radebeul GER"]
[Date "2016.06.26"]
[Round "1.11"]
[Board "3"]
[White "Neese, Hans-Joachim"]
[Black "Francke, Dirk"]
[Result "1/2-1/2"]
[WhiteTitle "FM"]
[WhiteElo "2159"]
[BlackElo "1952"]
[WhiteTeam "Berlin"]
[BlackTeam "Stiftung BSW / DBAG III"]
[WhiteFideId "4635019"]
[BlackFideId "12975320"]
[EventDate "2016.06.26"]

1. d4 d5 2. Nf3 c6 3. Bf4 Qb6 4. b3 e6 5. e3 Nf6 6. Bd3 c5 7. O-O cxd4 8. exd4
Bd6 9. Bxd6 Qxd6 10. Nbd2 Nc6 11. c4 Qf4 12. cxd5 Nxd5 13. Ne4 O-O 14. Qc1 Qxc1
15. Raxc1 Nf4 16. Bc4 Rd8 17. Rfd1 Nb4 18. a3 Nbd5 19. g3 Ng6 20. h4 h6 21. b4
b6 1/2-1/2

[Event "World Senior Teams +65"]
[Site "Radebeul GER"]
[Date "2016.06.26"]
[Round "1.11"]
[Board "4"]
[White "Warnke, Eberhard"]
[Black "Witte, Manfred"]
[Result "0-1"]
[WhiteElo "1868"]
[BlackElo "2205"]
[WhiteTeam "Stiftung BSW / DBAG III"]
[BlackTeam "Berlin"]
[WhiteFideId "24677507"]
[BlackFideId "12966630"]
[EventDate "2016.06.26"]

1. d4 Nf6 2. Nf3 c5 3. e3 g6 4. Be2 Bg7 5. O-O cxd4 6. exd4 d5 7. c3 O-O 8. Nbd2
Nc6 9. Re1 Qc7 10. h3 a6 11. Bd3 e6 12. a4 Nh5 13. Nf1 Bd7 14. Bd2 Rfe8 15. Qe2
Nf4 16. Bxf4 Qxf4 17. Qd2 Qc7 18. Bc2 b5 19. b4 Rec8 20. Bb3 Na7 21. Rec1 bxa4
22. Bxa4 Bxa4 23. Rxa4 Nb5 24. Ra2 a5 25. bxa5 Rxa5 26. Rxa5 Qxa5 27. c4 Qxd2
28. N1xd2 Nxd4 29. Nxd4 Bxd4 30. Kf1 Bf6 31. c5 Bg5 32. Ke2 Rc6 33. Rc2 Bxd2 34.
Kxd2 Kf8 35. f4 f6 36. Kd3 Ke7 37. Kd4 Rc7 38. Rb2 Ra7 39. Rb4 h5 40. h4 Kd7 41.
g3 Kc7 42. Rb6 Ra4+ 43. Ke3 Kd7 44. Rd6+ Ke7 45. Rc6 Re4+ 46. Kd3 Kd7 47. Ra6 g5
48. fxg5 fxg5 49. Ra7+ Kc6 50. hxg5 Rg4 51. Rg7 Kxc5 52. g6 Rxg3+ 53. Ke2 Kd4
54. Kf2 h4 55. Rg8 e5 56. g7 e4 57. Rh8 Rxg7 58. Rxh4 0-1